[Event "Open Ricany 2006"]
[Site "?"]
[Date "2006.??.??"]
[Round "5.6"]
[White "Vavrinec, Tomas"]
[Black "Vanecek, Stanislav"]
[Result "1-0"]
[WhiteElo "2093"]
[BlackElo "2005"]
[PlyCount "59"]
[EventDate "2006.??.??"]

1. c4 c5 2. Nc3 Nf6 3. g3 g6 4. Bg2 Bg7 5. Nf3 O-O 6. O-O d5 7. cxd5 Nxd5 8.
Nxd5 Qxd5 9. d3 Nc6 10. Be3 Qh5 11. Rc1 Bh3 12. Rxc5 e5 13. Qb3 Bxg2 14. Kxg2
Rab8 15. d4 Qg4 16. dxe5 Qe4 17. Qd5 Qb4 18. e6 fxe6 19. Qxe6+ Kh8 20. b3 Rbe8
21. Qc4 Qa3 22. Ng5 h6 23. Ne6 Rf7 24. Nxg7 Kxg7 25. Bxh6+ Kg8 26. Rd1 Ne5 27.
Rxe5 Rxe5 28. Rd8+ Kh7 29. Qxf7+ Kxh6 30. Rh8+ 1-0

[Event "Open Ricany 2006"]
[Site "?"]
[Date "2006.??.??"]
[Round "5.10"]
[White "Vlcek, Jan"]
[Black "Koys, Milan"]
[Result "1/2-1/2"]
[WhiteElo "1673"]
[BlackElo "2103"]
[PlyCount "118"]
[EventDate "2006.??.??"]

1. e4 Nf6 2. Nc3 d5 3. e5 Nfd7 4. d4 c5 5. f4 cxd4 6. Qxd4 e6 7. Be3 Nc6 8. Qd2
Bb4 9. Nf3 Qa5 10. Nd4 Nc5 11. Nxc6 bxc6 12. Bxc5 Qxc5 13. a3 Bxc3 14. Qxc3
Qxc3+ 15. bxc3 Rb8 16. Bd3 f6 17. Kd2 fxe5 18. fxe5 O-O 19. Ke3 c5 20. c4 d4+
21. Ke2 Bb7 22. Rhg1 Bc6 23. g3 Rf3 24. Rge1 Rbf8 25. Kd2 g6 26. Re2 Kg7 27. c3
dxc3+ 28. Kxc3 Rd8 29. Rd2 Kh6 30. Rf1 Rdxd3+ 31. Rxd3 Rxf1 32. Rd6 Rf3+ 33.
Kb2 Be8 34. Rxe6 Bf7 35. Rc6 Bxc4 36. Rxc5 Be2 37. Ra5 a6 38. Kc2 Re3 39. Kd2
Re4 40. Rc5 Kg5 41. Rc7 h5 42. Re7 Kf5 43. Rf7+ Kg5 44. h4+ Kg4 45. Rf4+ Rxf4
46. gxf4 Kxf4 47. Kxe2 Kxe5 48. Ke3 Kf5 49. Kf3 a5 50. a4 g5 51. hxg5 Kxg5 52.
Kg3 Kf5 53. Kh4 Ke4 54. Kxh5 Kd4 55. Kg4 Ke4 56. Kg3 Kd4 57. Kf3 Kc3 58. Ke2
Kb3 59. Kd1 Kxa4 1/2-1/2

[Event "Open Ricany 2006"]
[Site "?"]
[Date "2006.??.??"]
[Round "5.13"]
[White "Pospisil, Evzen"]
[Black "Bernath, Stefan"]
[Result "1-0"]
[WhiteElo "2125"]
[BlackElo "1967"]
[PlyCount "79"]
[EventDate "2006.??.??"]

1. d4 Nf6 2. Nf3 e6 3. Bf4 d5 4. e3 Nbd7 5. Nbd2 c5 6. c3 Be7 7. h3 O-O 8. Bd3
b6 9. Ne5 Bb7 10. Ndf3 Ne4 11. Nxd7 Qxd7 12. Ne5 Qe8 13. Qg4 f5 14. Qe2 c4 15.
Bxe4 fxe4 16. h4 b5 17. Qg4 Bf6 18. h5 Bxe5 19. Bxe5 Rf7 20. Rh4 Rd8 21. Qg3
Rdd7 22. O-O-O Bc8 23. Rdh1 Qf8 24. Rf4 Rxf4 25. exf4 b4 26. h6 g6 27. Rh3 bxc3
28. Qxc3 Rb7 29. Qa3 Qe8 30. Qc5 a6 31. Ra3 Rf7 32. b3 cxb3 33. Rxb3 Bb7 34.
Bg7 Qb8 35. Be5 Qe8 36. Rb6 Qc8 37. Kd2 Qe8 38. Qd6 Bc8 39. Rb8 Qf8 40. Qc6 1-0

[Event "Open Ricany 2006"]
[Site "?"]
[Date "2006.??.??"]
[Round "5.14"]
[White "Horak, Vladimir"]
[Black "Vanek, Marian"]
[Result "1/2-1/2"]
[WhiteElo "2107"]
[BlackElo "1843"]
[PlyCount "75"]
[EventDate "2006.??.??"]

1. d4 Nf6 2. Nf3 e6 3. e3 b6 4. Bd3 Bb7 5. Nbd2 d5 6. O-O Bd6 7. c3 O-O 8. Qe2
Nbd7 9. e4 dxe4 10. Nxe4 Nxe4 11. Bxe4 Bxe4 12. Qxe4 Nf6 13. Qe2 c5 14. dxc5
Bxc5 15. Bg5 Be7 16. Rad1 Qc7 17. Qe5 Qc5 18. Qxc5 bxc5 19. Ne5 Rfe8 20. Rd3
Rad8 21. Rfd1 Rxd3 22. Rxd3 h6 23. Bxf6 Bxf6 24. Nc4 Rd8 25. Rxd8+ Bxd8 26. Kf1
Bc7 27. h3 f5 28. Ke2 Kf7 29. Kd3 e5 30. Ne3 Ke6 31. Kc4 Bd6 32. f3 h5 33. b4
cxb4 34. cxb4 e4 35. fxe4 fxe4 36. Kd4 Bxb4 37. Kxe4 g6 38. Nd5 1/2-1/2

[Event "Open Ricany 2006"]
[Site "?"]
[Date "2006.??.??"]
[Round "5.23"]
[White "Vokolek, Jaroslav"]
[Black "Hrubant, Ivan"]
[Result "0-1"]
[WhiteElo "1734"]
[BlackElo "2133"]
[PlyCount "108"]
[EventDate "2006.??.??"]

1. d4 d5 2. c4 c6 3. cxd5 cxd5 4. Nc3 Nf6 5. Nf3 Nc6 6. Bf4 e6 7. e3 Nh5 8. Bg5
Qb6 9. Rb1 h6 10. Bh4 g5 11. Nd2 Ng7 12. Bg3 Nf5 13. Be2 Nxg3 14. fxg3 Bg7 15.
O-O O-O 16. Kh1 Qd8 17. Qb3 b6 18. Rf2 Bb7 19. Rbf1 f5 20. g4 f4 21. Nd1 Qd6
22. Nf3 Rf7 23. a3 Raf8 24. Bb5 fxe3 25. Qxe3 Rf4 26. Bxc6 Bxc6 27. Ne5 Rxf2
28. Rxf2 Rxf2 29. Nxf2 Bxe5 30. Qxe5 Qxe5 31. dxe5 Bb5 32. g3 Be2 33. h4 Kg7
34. Kg2 Kg6 35. Kh3 Bf3 36. Nd3 d4 37. Nf2 Kf7 38. Kh2 Ke7 39. Kg1 Kd7 40. hxg5
hxg5 41. Nh3 Bxg4 42. Nxg5 Kc6 43. Kf2 Kd5 44. Nf7 Ke4 45. Nh6 Bh5 46. g4 Bg6
47. Ke2 Kxe5 48. Ng8 Kf4 49. Ne7 Bc2 50. Nc6 e5 51. b4 d3+ 52. Kd2 e4 53. g5
e3+ 54. Kc1 Ba4 0-1

[Event "Open Ricany 2006"]
[Site "?"]
[Date "2006.??.??"]
[Round "5.25"]
[White "Kylar, Miroslav"]
[Black "Zamrazil, Jan"]
[Result "0-1"]
[WhiteElo "2056"]
[BlackElo "1674"]
[PlyCount "84"]
[EventDate "2006.??.??"]

1. d4 Nf6 2. c4 g6 3. Nc3 Bg7 4. e4 d6 5. Bd3 O-O 6. Nge2 b6 7. O-O Bb7 8. f3
c5 9. d5 Na6 10. a3 Nc7 11. Bg5 Rb8 12. Qd2 Re8 13. f4 h6 14. Bh4 Nh7 15. e5
dxe5 16. fxe5 Bxe5 17. Qxh6 Bg7 18. Qf4 Rf8 19. Ne4 Bxb2 20. Ra2 Bg7 21. d6 Ne6
22. dxe7 Qxd3 23. exf8=Q+ Rxf8 24. Qf2 Qxe4 25. Be7 Nd4 26. Bxf8 Nxe2+ 27. Kh1
Qxc4 28. Rxe2 Kxf8 29. Qe3 Bc6 30. Ref2 f5 31. Rd1 Kf7 32. Qg3 Ba4 33. Re1 Qd4
34. Rf4 Be5 35. Rxd4 Bxg3 36. Re7+ Kxe7 37. Rxa4 Bb8 38. Rh4 Ng5 39. Rf4 Kf6
40. Rf2 Ne4 41. Re2 c4 42. Rc2 c3 0-1

[Event "Open Ricany 2006"]
[Site "?"]
[Date "2006.??.??"]
[Round "5.18"]
[White "Havelka, Petr"]
[Black "Adamik, Frantisek"]
[Result "1-0"]
[WhiteElo "2019"]
[BlackElo "1868"]
[PlyCount "93"]
[EventDate "2006.??.??"]

1. d4 Nf6 2. c4 e6 3. Nc3 d5 4. Bg5 dxc4 5. e3 h6 6. Bh4 Nbd7 7. Bxc4 Nb6 8.
Be2 Bd7 9. Nf3 Be7 10. O-O O-O 11. Rc1 c6 12. Ne5 Be8 13. Qb3 g6 14. Bf3 Kg7
15. Qc2 Nh7 16. Bxe7 Qxe7 17. Ne4 f6 18. Nc4 Ng5 19. Nxg5 hxg5 20. h3 Bf7 21.
a3 Rh8 22. Rfd1 Rh4 23. Kf1 Rah8 24. Nxb6 axb6 25. Qc3 Qd6 26. Ke2 Kg8 27. Qb4
Qd8 28. Qc3 f5 29. b4 g4 30. hxg4 fxg4 31. Be4 g3 32. f3 Rh2 33. Rg1 b5 34. f4
g5 35. fxg5 Qxg5 36. Qc5 Qh4 37. Kd3 Rh5 38. Qd6 Kg7 39. Qf4 Bg6 40. Qc7+ Kh6
41. Bxg6 Kxg6 42. Rcf1 Rf5 43. Qd6 Rxf1 44. Rxf1 Qg4 45. Qf8 Rh6 46. Rf6+ Kh5
47. Qxh6# 1-0

[Event "Open Ricany 2006"]
[Site "?"]
[Date "2006.??.??"]
[Round "5.27"]
[White "Drahorad, Daniel"]
[Black "Schmalz, Michal"]
[Result "1/2-1/2"]
[WhiteElo "1985"]
[BlackElo "1626"]
[PlyCount "123"]
[EventDate "2006.??.??"]

1. e4 c6 2. d4 d5 3. e5 Bf5 4. Bd3 Bxd3 5. Qxd3 e6 6. Ne2 c5 7. c3 Nc6 8. O-O
Qb6 9. Nd2 cxd4 10. cxd4 Nge7 11. Nf3 Ng6 12. Bd2 Be7 13. Bc3 O-O 14. Rfe1 Rac8
15. Qd2 Bb4 16. Rab1 Bxc3 17. bxc3 Qc7 18. h4 h6 19. h5 Nge7 20. Nh4 f5 21. Nf4
Qd7 22. Kh2 Nd8 23. Re3 Nf7 24. Nfg6 Nxg6 25. Nxg6 Rfe8 26. f4 Nh8 27. Rg3 Nxg6
28. Rxg6 Kh7 29. Rg1 Qd8 30. Kh3 Qa5 31. Rc1 Rc7 32. Kh2 Ree7 33. Qc2 Kh8 34.
Qb3 b5 35. Rg3 Rc4 36. Rb1 a6 37. Rc1 Rec7 38. Rc2 Qa4 39. Qxa4 Rxa4 40. Rf3
Rxd4 41. cxd4 Rxc2 42. Ra3 Rc6 43. Kh3 Kg8 44. g4 fxg4+ 45. Kxg4 Kf7 46. f5 Ke7
47. fxe6 Kxe6 48. Kf4 b4 49. Kg3 Kf7 50. Kf4 a5 51. Re3 Re6 52. Re1 a4 53. Rc1
b3 54. axb3 axb3 55. Rc7+ Re7 56. e6+ Kf8 57. Rc8+ Re8 58. Rc1 b2 59. Rb1 Ke7
60. Ke5 Rb8 61. Kf4 Rb3 62. Ke5 1/2-1/2

[Event "Open Ricany 2006"]
[Site "?"]
[Date "2006.??.??"]
[Round "6.11"]
[White "Koper, Stefan"]
[Black "Buril, Petr"]
[Result "1/2-1/2"]
[WhiteElo "2058"]
[BlackElo "1976"]
[PlyCount "20"]
[EventDate "2006.??.??"]

1. d4 f5 2. h3 d5 3. Nf3 Nf6 4. Bf4 c6 5. Nbd2 Nbd7 6. e3 e6 7. Ne5 Be7 8. Bd3
Nxe5 9. Bxe5 O-O 10. f4 Ne4 1/2-1/2

[Event "Open Ricany 2006"]
[Site "?"]
[Date "2006.??.??"]
[Round "6.17"]
[White "Macku, Emil"]
[Black "Skala, Jaromir"]
[Result "1/2-1/2"]
[WhiteElo "1886"]
[BlackElo "2079"]
[PlyCount "22"]
[EventDate "2006.??.??"]

1. c4 Nf6 2. Nc3 e5 3. g3 c6 4. d4 exd4 5. Qxd4 Be7 6. Bg5 h6 7. Bf4 Na6 8. Rd1
O-O 9. Bg2 Bc5 10. Qd2 Nc7 11. e3 Ne6 1/2-1/2

[Event "Open Ricany 2006"]
[Site "?"]
[Date "2006.??.??"]
[Round "6.14"]
[White "Skacel, Jan"]
[Black "Tejkal, Jiri"]
[Result "1/2-1/2"]
[WhiteElo "2109"]
[BlackElo "2034"]
[PlyCount "31"]
[EventDate "2006.??.??"]

1. c4 Nf6 2. Nf3 c6 3. g3 g6 4. Bg2 Bg7 5. O-O O-O 6. d4 d6 7. Nc3 Nbd7 8. e4
e5 9. h3 Qb6 10. c5 dxc5 11. dxe5 Ne8 12. Bg5 Nc7 13. Be7 Re8 14. Bd6 Ne6 15.
Qc2 Qa5 16. Ne2 1/2-1/2

[Event "Open Ricany 2006"]
[Site "?"]
[Date "2006.??.??"]
[Round "6.15"]
[White "Sochorova, Jana"]
[Black "Horak, Vladimir"]
[Result "0-1"]
[WhiteElo "1761"]
[BlackElo "2107"]
[PlyCount "46"]
[EventDate "2006.??.??"]

1. Nf3 Nf6 2. d4 d5 3. c4 c6 4. e3 a6 5. Nc3 Bg4 6. Be2 Nbd7 7. cxd5 cxd5 8.
Qb3 Nb6 9. Bd2 e6 10. a4 Rb8 11. O-O Bxf3 12. Bxf3 Nc4 13. Rfd1 Nxd2 14. Rxd2
Bd6 15. Rc1 O-O 16. Rdc2 Qd7 17. a5 Rbc8 18. Qa4 Rxc3 19. Qxd7 Rxc2 20. Qa4
Rxc1+ 21. Bd1 Rfc8 22. g3 R8c4 23. Qb3 Rb4 0-1

[Event "Open Ricany 2006"]
[Site "?"]
[Date "2006.??.??"]
[Round "6.7"]
[White "Fojtu, Jan"]
[Black "Koys, Milan"]
[Result "0-1"]
[WhiteElo "2014"]
[BlackElo "2103"]
[PlyCount "54"]
[EventDate "2006.??.??"]

1. d4 Nf6 2. c4 e6 3. Nc3 Bb4 4. Qc2 O-O 5. a3 Bxc3+ 6. bxc3 d6 7. Nf3 Qe7 8.
e4 e5 9. d5 Nbd7 10. Be3 Nc5 11. Nd2 Ne8 12. Be2 f5 13. f3 fxe4 14. fxe4 Bd7
15. a4 a5 16. Bf3 Qh4+ 17. g3 Qh3 18. Bxc5 dxc5 19. O-O-O Nd6 20. Kb2 Rxf3 21.
Nxf3 Nxc4+ 22. Kb3 Ne3 23. Qd2 Bxa4+ 24. Kxa4 Qd7+ 25. Kb3 Qb5+ 26. Ka2 Qa4+
27. Kb1 Ra6 0-1

[Event "Open Ricany 2006"]
[Site "?"]
[Date "2006.??.??"]
[Round "6.26"]
[White "Vokolek, Jaroslav"]
[Black "Drahorad, Daniel"]
[Result "1-0"]
[WhiteElo "1985"]
[BlackElo "1734"]
[PlyCount "53"]
[EventDate "2006.??.??"]

1. d4 d5 2. c4 e5 3. dxe5 d4 4. Nf3 Nc6 5. g3 Bg4 6. Bg2 Qd7 7. O-O O-O-O 8.
Qa4 Kb8 9. Rd1 Bxf3 10. Bxf3 Nxe5 11. Qb3 Nxf3+ 12. Qxf3 h5 13. h4 f6 14. Nc3
c6 15. a4 Be7 16. Bf4+ Ka8 17. Be3 Qe6 18. Rxd4 Rxd4 19. Bxd4 {=} 19... Qxc4
20. Rd1 20... Qe6 {=} 21. a5 Kb8 22. Ne4 Nh6 23. Qf4+ Ka8 24. a6 b6 25. Qc7 Rb8
26. Bxb6 Rxb6 27. Rd7 1-0

[Event "Open Ricany 2006"]
[Site "?"]
[Date "2006.??.??"]
[Round "6.27"]
[White "Svitak, David"]
[Black "Kylar, Miroslav"]
[Result "1/2-1/2"]
[WhiteElo "1803"]
[BlackElo "2056"]
[PlyCount "75"]
[EventDate "2006.??.??"]

1. e4 c5 2. Nf3 Nc6 3. d4 cxd4 4. Nxd4 Qc7 5. Nc3 e6 6. Be2 a6 7. Be3 Nf6 8.
O-O b5 9. f4 Bb7 10. e5 Nxd4 11. Bxd4 Nd5 12. Bf3 Nxc3 13. Bxc3 Rd8 14. Bxb7
Qxb7 15. Qf3 d5 16. exd6 Qxf3 17. Rxf3 f6 18. Rd1 Rxd6 19. Rfd3 Rxd3 20. Rxd3
Bc5+ 21. Bd4 Bxd4+ 22. Rxd4 Ke7 23. a4 Rc8 24. axb5 axb5 25. c3 Rc4 26. Rxc4
bxc4 27. Kf2 Kd6 28. Ke3 Kd5 29. g4 g5 30. fxg5 fxg5 31. Kf3 e5 32. Ke3 e4 33.
Ke2 Ke5 34. Ke3 h6 35. h3 Kd5 36. Ke2 Ke6 37. Kf2 Kf6 38. Ke2 1/2-1/2

[Event "Open Ricany 2006"]
[Site "?"]
[Date "2006.??.??"]
[Round "6.20"]
[White "Hrubant, Ivan"]
[Black "Pokorny, Jiri"]
[Result "1-0"]
[WhiteElo "2133"]
[BlackElo "1855"]
[PlyCount "63"]
[EventDate "2006.??.??"]

1. d4 Nf6 2. Nf3 g6 3. c4 Bg7 4. Nc3 d5 5. cxd5 Nxd5 6. e4 Nxc3 7. bxc3 c5 8.
Be3 O-O 9. Rc1 cxd4 10. cxd4 Nc6 11. d5 Ne5 12. Nxe5 Bxe5 13. Bc4 b5 14. Bb3 a5
15. O-O a4 16. Bc2 Qd6 17. f4 Bb2 18. Rb1 Qa3 19. Qe2 Ba6 20. Bd3 Bc3 21. Bxb5
Bxb5 22. Rxb5 Rfc8 23. Qf2 Bg7 24. Rc5 Qd3 25. e5 Rxc5 26. Bxc5 Bf8 27. Qf3 Qc4
28. Bxe7 Bxe7 29. d6 Re8 30. dxe7 Qxa2 31. f5 Rxe7 32. Qa8+ 1-0

[Event "Open Ricany 2006"]
[Site "?"]
[Date "2006.??.??"]
[Round "6.28"]
[White "Voracek, Zdenek"]
[Black "Novak, Jindrich"]
[Result "1-0"]
[WhiteElo "2057"]
[BlackElo "1966"]
[PlyCount "119"]
[EventDate "2006.??.??"]

1. d4 c5 2. d5 f5 3. e4 fxe4 4. Nc3 Nf6 5. Nge2 e6 6. Ng3 exd5 7. Nxd5 Nc6 8.
Bc4 d6 9. Bg5 Be7 10. Nxe7 Qxe7 11. O-O Ne5 12. Bxf6 gxf6 13. Qh5+ Kd8 14. Bd5
Bg4 15. Qh6 Kc7 16. Nxe4 Raf8 17. f3 Bf5 18. Qf4 Bxe4 19. Qxe4 f5 20. Qa4 Kb8
21. b4 c4 22. Rae1 Qc7 23. Kh1 h5 24. f4 Ng4 25. Qb5 Rc8 26. Be6 Qc6 27. Qxc6
Rxc6 28. Bxf5 Ra6 29. Re7 d5 30. h3 Rf6 31. Bd7 Nh6 32. Re5 Rd6 33. Be6 Rhd8
34. Rfe1 Ng8 35. Bxg8 Rxg8 36. Rxh5 d4 37. Rhe5 Rg3 38. R5e2 Ra3 39. Rd1 a5 40.
bxa5 Rxa5 41. Red2 Rxa2 42. Rxd4 Rc6 43. f5 Rxc2 44. Rf4 Rf6 45. g4 Rh6 46. Rf3
c3 47. f6 Rh8 48. f7 Rf8 49. Re1 Ka7 50. g5 Rd2 51. g6 c2 52. Rff1 Rc8 53. g7
Rc3 54. g8=Q Rxh3+ 55. Kg1 Rdh2 56. Ra1+ Kb6 57. Qd8+ Kc6 58. Rf6+ Kc5 59.
f8=Q+ Kc4 60. Rf4+ 1-0

[Event "Open Ricany 2006"]
[Site "?"]
[Date "2006.??.??"]
[Round "6.4"]
[White "Srba, Milan"]
[Black "Sodoma, Jan"]
[Result "0-1"]
[WhiteElo "2203"]
[BlackElo "2285"]
[PlyCount "71"]
[EventDate "2006.??.??"]

1. e4 e5 2. Nf3 Nc6 3. Bb5 a6 4. Ba4 Nf6 5. O-O Be7 6. Re1 b5 7. Bb3 O-O 8. c3
d6 9. h3 Na5 10. Bc2 c5 11. d4 Qc7 12. Nbd2 cxd4 13. cxd4 Rd8 14. b3 Nc6 15.
Bb2 exd4 16. Nxd4 Nxd4 17. Bxd4 Nd7 18. Rc1 Qa5 19. Nf1 Bf6 20. Ne3 Qb4 21.
Bxf6 Nxf6 22. e5 Ne8 23. Nd5 Qh4 24. exd6 Be6 25. Re4 Qg5 26. Ne7+ Kh8 27. h4
Qh6 28. f4 Rxd6 29. Qe2 Nf6 30. Re3 Qxf4 31. Rf1 Qxh4 32. Bf5 Qd4 33. Kh1 Re8
34. Rd3 Qc5 35. Rxd6 Qxd6 36. Rd1 0-1

[Event "Open Ricany 2006"]
[Site "?"]
[Date "2006.??.??"]
[Round "6.13"]
[White "Vanek, Marian"]
[Black "Pechacek, Stanislav"]
[Result "0-1"]
[WhiteElo "1843"]
[BlackElo "2142"]
[PlyCount "56"]
[EventDate "2006.??.??"]

1. e4 c6 2. d4 d5 3. exd5 cxd5 4. c4 Nf6 5. Nc3 Nc6 6. Bf4 e6 7. c5 a6 8. Nf3
Be7 9. Bd3 Nd7 10. O-O g5 11. Be3 Bf6 12. Re1 {=} 12... Kf8 13. Qd2 h6 14. h4
g4 15. Bxh6+ Rxh6 16. Qxh6+ Bg7 17. Qf4 gxf3 18. Rxe6 Nf6 19. Rd6 Qe7 20. Nxd5
Nxd5 21. Rxd5 Nb4 22. Qxf3 Nxd5 23. Qxd5 Be6 24. Qf3 Rd8 25. Be4 Bxd4 26. Bxb7
Bxc5 27. Bxa6 Qxh4 28. g3 Qg5 0-1

[Event "Open Ricany 2006"]
[Site "?"]
[Date "2006.??.??"]
[Round "6.23"]
[White "Adamik, Frantisek"]
[Black "Lavrincik, Pavel"]
[Result "1-0"]
[WhiteElo "1868"]
[BlackElo "2000"]
[PlyCount "93"]
[EventDate "2006.??.??"]

1. c4 d6 2. Nc3 c6 3. e4 e5 4. Bd3 Nf6 5. Nge2 g6 6. O-O Bg7 7. Ng3 O-O 8. b3
Nbd7 9. Bb2 Nc5 10. Bc2 Ne6 11. Nce2 c5 12. f4 Nd4 13. Nxd4 cxd4 14. f5 h5 15.
Rf3 h4 16. Nh1 Nh5 17. g4 hxg3 18. Nxg3 Qg5 19. Qf1 gxf5 20. exf5 f6 21. Be4
Kf7 22. Ba3 Rh8 23. Bxd6 Nxg3 24. Rxg3 Qxd2 25. Qg2 Qxg2+ 26. Kxg2 Bf8 27. Bc7
Rh7 28. Rg1 Ke8 29. Ba5 Rb8 30. Kh1 b6 31. Bd2 Bb7 32. Bxb7 Rbxb7 33. Rg8 Rbg7
34. R1xg7 Rxg7 35. Rxg7 Bxg7 36. Kg2 e4 37. Bf4 Kd7 38. Kf2 Kc6 39. h4 Kc5 40.
h5 Kb4 41. h6 Bh8 42. Bd2+ Kc5 43. Ke2 a5 44. a3 a4 45. Bb4+ Kc6 46. bxa4 Kd7
47. Bf8 1-0

[Event "Open Ricany 2006"]
[Site "?"]
[Date "2006.??.??"]
[Round "6.22"]
[White "Lexa, Vaclav"]
[Black "Boucek, Vlastimil"]
[Result "0-1"]
[WhiteElo "1927"]
[BlackElo "2033"]
[PlyCount "70"]
[EventDate "2006.??.??"]

1. d4 d6 2. c4 c6 3. Nc3 Nd7 4. e4 e5 5. Be3 g6 6. Nf3 f6 7. Be2 Nh6 8. Nd2 Nf7
9. d5 Bg7 10. b4 a5 11. dxc6 bxc6 12. b5 Nb8 13. O-O O-O 14. a4 f5 15. f3 Be6
16. Qb3 c5 17. Rad1 f4 18. Bf2 Nd7 19. Nd5 g5 20. g4 Re8 21. Nb1 Qb8 22. Rd2
Nd8 23. Qc2 Bf7 24. Rfd1 Ne6 25. Kg2 Nd4 26. Qd3 Be6 27. h4 gxh4 28. Bxh4 Bxd5
29. exd5 e4 30. Qa3 exf3+ 31. Bxf3 Re3 32. Rd3 Nxf3 33. Rxe3 Nxh4+ 34. Kh3 fxe3
35. Qxe3 Qd8 0-1

[Event "Open Ricany 2006"]
[Site "?"]
[Date "2006.??.??"]
[Round "6.5"]
[White "Boleslav, Petr"]
[Black "Blumel, Otto"]
[Result "0-1"]
[WhiteElo "2044"]
[BlackElo "2262"]
[PlyCount "66"]
[EventDate "2006.??.??"]

1. e4 e5 2. Nf3 Nc6 3. Bb5 a6 4. Bxc6 dxc6 5. d4 exd4 6. Qxd4 Qxd4 7. Nxd4 c5
8. Ne2 Bd7 9. O-O O-O-O 10. Be3 Bc6 11. f3 Bd6 12. Nbc3 Ne7 13. f4 Rhe8 14. Ng3
Ng6 15. Rae1 f6 16. Bc1 b5 17. Nb1 c4 18. Kh1 Rd7 19. e5 fxe5 20. f5 Nh4 21.
Ne4 Rf8 22. g4 Be7 23. Kg1 Rd4 24. Nbd2 Rfd8 25. Kf2 h5 26. h3 b4 27. c3 bxc3
28. bxc3 Rd3 29. Re3 Rxe3 30. Kxe3 Rd3+ 31. Ke2 Ng2 32. gxh5 Nf4+ 33. Kf2 Bh4+
0-1

[Event "Open Ricany 2006"]
[Site "?"]
[Date "2006.??.??"]
[Round "6.22"]
[White "Prochazka, Petr"]
[Black "Zamrazil, Jan"]
[Result "0-1"]
[WhiteElo "2011"]
[BlackElo "1674"]
[PlyCount "68"]
[EventDate "2006.??.??"]

1. e4 e6 2. d4 d5 3. e5 c5 4. Nf3 Nc6 5. Bd3 cxd4 6. O-O Bc5 7. Bf4 Nge7 8.
Nbd2 Bd7 9. a3 a5 10. Re1 Ng6 11. Bg3 f6 12. Bxg6+ hxg6 13. exf6 gxf6 14. Nb3
Qb6 15. Nxc5 Qxc5 16. Qd2 Kf7 17. Qf4 Kg7 18. Qc7 Qe7 19. Qxb7 e5 20. Qb3 Rhb8
21. Qd3 Bf5 22. Qd2 Rxb2 23. Nxd4 Qc5 24. Nxc6 Qxc6 25. Rxe5 Rxc2 26. Re7+ Kf8
27. Qe3 d4 28. Qe1 {=} 28... d3 29. Rd1 d2 30. Qe2 Qc4 31. Qxc4 Rxc4 32. Re2
Rd8 33. Bf4 Rc1 34. Bh6+ Kf7 0-1

[Event "Open Ricany 2006"]
[Site "?"]
[Date "2006.??.??"]
[Round "6.21"]
[White "Ruzicka, Vaclav"]
[Black "Feierfeil, Jiri"]
[Result "1-0"]
[WhiteElo "1700"]
[BlackElo "2013"]
[PlyCount "119"]
[EventDate "2006.??.??"]

1. e4 c5 2. g3 Nc6 3. Bg2 Nf6 4. c4 g6 5. d3 Bg7 6. Nc3 O-O 7. Nge2 d6 8. h3 a6
9. a4 Bd7 10. O-O Qc8 11. Kh2 e5 12. f4 Nd4 13. fxe5 dxe5 14. Bg5 Qd8 15. Nd5
Ng4+ 16. hxg4 Qxg5 17. Nxd4 exd4 18. Bh3 Rab8 19. Qc1 Qd8 20. a5 Be5 21. g5
Bxh3 22. Kxh3 Qd6 23. Qd1 f6 24. gxf6 Bxf6 25. Nxf6+ Rxf6 26. Rxf6 Qxf6 27. Qf1
Qxf1+ 28. Rxf1 Kg7 29. Kg4 b5 30. axb6 Rxb6 31. Rf2 Rb3 32. Rd2 h6 33. Kh4 a5
34. Kg4 Kf6 35. Kf4 g5+ 36. Kf3 h5 37. Kg2 Ke6 38. Kf2 Rb7 39. Kg2 Rb3 40. Kf2
Rb4 41. Kf3 Ra4 42. Rh2 Ra2 43. Rxh5 Rxb2 44. Rxg5 a4 45. Rxc5 a3 46. Ra5 a2
47. Kg4 Kf6 48. e5+ Ke6 49. Kf3 Rd2 50. Ke4 Re2+ 51. Kxd4 Rc2 52. g4 Rg2 53.
Kc3 Rxg4 54. Rxa2 Kxe5 55. Ra5+ Kd6 56. d4 Kc6 57. Ra6+ Kb7 58. Re6 Kc7 59. d5
Rg1 60. Kb4 1-0

[Event "Open Ricany 2006"]
[Site "?"]
[Date "2006.??.??"]
[Round "6.2"]
[White "Mazoch, Jiri"]
[Black "Vavrinec, Tomas"]
[Result "1-0"]
[WhiteElo "2090"]
[BlackElo "2093"]
[PlyCount "101"]
[EventDate "2006.??.??"]

1. d4 e6 2. c4 Nf6 3. Nf3 c5 4. d5 exd5 5. cxd5 d6 6. Nc3 g6 7. h3 Bg7 8. e4
O-O 9. Bd3 Re8 10. O-O c4 11. Bxc4 Nxe4 12. Nxe4 Rxe4 13. Qc2 Re8 14. Bg5 Bf6
15. Rae1 15... Bxg5 {=} 16. Nxg5 Nd7 17. Ne4 Ne5 18. f4 f5 19. fxe5 fxe4 20. e6
b5 21. Bb3 Bb7 22. Qxe4 Re7 23. Rf4 Qb6+ 24. Kh2 Rf8 25. Rxf8+ Kxf8 26. Qf4+
Kg8 27. Rf1 Qd8 28. Qg5 Qe8 29. Qg3 Qd8 30. h4 Rg7 31. Qf4 a5 32. a3 Qe7 33. g3
Qd8 34. Kh3 Qe7 35. Rf2 Qd8 36. g4 Ba8 37. g5 Bb7 38. Qd4 Ba8 39. Qc3 Bb7 40.
Qd3 Ba6 41. Qd4 Bb7 42. Rf6 Ba6 43. Bd1 Bb7 44. Bf3 Ba6 45. Be2 Qc7 46. Qf4 Qd8
47. Qd4 Qc7 48. Qf2 Qd8 49. Rf7 Qe8 50. Rxg7+ Kxg7 51. Qa7+ 1-0

[Event "Open Ricany 2006"]
[Site "?"]
[Date "2006.??.??"]
[Round "6.10"]
[White "Lizner, Milan"]
[Black "Vlcek, Jan"]
[Result "1-0"]
[WhiteElo "2125"]
[BlackElo "1673"]
[PlyCount "57"]
[EventDate "2006.??.??"]

1. e4 c5 2. Nf3 d6 3. c3 Nf6 4. Bc4 Nc6 5. Qe2 Bg4 6. h3 Bh5 7. d3 a6 8. Bb3 e6
9. Bg5 h6 10. Bh4 Be7 11. Nbd2 11... Na5 {=} 12. Bc2 Nc6 13. Nc4 d5 14. Bxf6
gxf6 15. exd5 Qxd5 16. Bb3 Qd7 17. O-O-O Na5 18. Bc2 f5 19. Kb1 b5 20. g4 Bg6
21. Nce5 Qd6 22. h4 c4 23. Nxg6 fxg6 24. Rhe1 cxd3 25. Qxd3 Nb7 26. a4 Rh7 27.
gxf5 gxf5 28. Qxd6 Bxd6 29. Rxe6+ 1-0

[Event "Open Ricany 2006"]
[Site "?"]
[Date "2006.??.??"]
[Round "6.9"]
[White "Vanecek, Stanislav"]
[Black "Pospisil, Evzen"]
[Result "1/2-1/2"]
[WhiteElo "2005"]
[BlackElo "2125"]
[PlyCount "65"]
[EventDate "2006.??.??"]

1. c4 Nf6 2. Nf3 e6 3. g3 d5 4. Bg2 c6 5. O-O Bd6 6. b3 O-O 7. Bb2 Nbd7 8. d4
b6 9. Nbd2 Bb7 10. Re1 c5 11. cxd5 exd5 12. Rc1 Rc8 13. Rc2 Re8 14. Nf1 c4 15.
Ne3 b5 16. a3 Nb6 17. b4 Na4 18. Bc1 a5 19. bxa5 Qxa5 20. Nf5 Bf8 21. Ne5 Nb6
22. Qd2 Qxd2 23. Bxd2 Nbd7 24. Nxd7 Nxd7 25. Bb4 Re6 26. Rb1 Bc6 27. Ne3 Bxb4
28. axb4 Rd6 29. Ra1 Nb6 30. Ra6 Rb8 31. Nd1 Na4 32. e3 Rb6 33. Rxb6 1/2-1/2

[Event "Open Ricany 2006"]
[Site "?"]
[Date "2006.??.??"]
[Round "6.3"]
[White "Simecek, Bohumil"]
[Black "Balhar, Jan"]
[Result "0-1"]
[WhiteElo "2091"]
[BlackElo "2311"]
[PlyCount "86"]
[EventDate "2006.??.??"]

1. d4 Nf6 2. c4 e6 3. Nc3 Bb4 4. Qc2 O-O 5. Nf3 b6 6. e4 Bxc3+ 7. bxc3 d6 8.
Bd3 Nfd7 9. e5 f5 10. Ba3 Qe7 11. exd6 cxd6 12. O-O Bb7 13. Qe2 Nc6 14. Rfe1
Rae8 15. Qc2 g6 16. Re2 Nd8 17. Rae1 Bxf3 18. gxf3 Qg5+ 19. Kh1 Qf4 20. Kg2 Nf7
21. Bc1 Qh4 22. Rxe6 Rxe6 23. Rxe6 Nf6 24. Qd2 Nh5 25. f4 Nd8 26. Re1 Qf6 27.
Qe2 Kf7 28. Bd2 Ne6 29. Qf3 Re8 30. d5 Nexf4+ 31. Kf1 Rxe1+ 32. Kxe1 Qe5+ 33.
Kf1 Nxd3 34. Qxd3 Qxh2 35. Qe3 Qe5 36. Qh6 Kg8 37. Qg5 f4 38. Qd8+ Kf7 39. Qd7+
Kf6 40. Qxh7 Kg5 41. Qxa7 Kg4 42. Qxb6 Kf3 43. Qd4 Ng3+ 0-1

[Event "Open Ricany 2006"]
[Site "?"]
[Date "2006.??.??"]
[Round "6.16"]
[White "Matejovsky , Ondrej"]
[Black "Rerabkova, Lucie"]
[Result "1-0"]
[WhiteElo "2081"]
[BlackElo "1976"]
[PlyCount "75"]
[EventDate "2006.??.??"]

1. e4 c5 2. Nf3 Nc6 3. Bb5 g6 4. O-O Bg7 5. c3 e6 6. Bxc6 bxc6 7. e5 Ne7 8. d4
cxd4 9. cxd4 O-O 10. Bg5 d5 11. Qd2 Re8 12. Nc3 Ba6 13. Rfc1 Qa5 14. Bf6 Nf5
15. g4 Ne7 16. h4 h6 17. Bxg7 Kxg7 18. Qf4 Ng8 19. h5 Qd8 20. Na4 Be2 21. Nc5
Bxf3 22. Qxf3 Qg5 23. Qg3 Qd2 24. Qe3 Qxe3 25. fxe3 gxh5 26. gxh5 f5 27. Kf2
Kf7 28. Nb7 Reb8 29. Nd6+ Kf8 30. b3 Ne7 31. Rg1 Nc8 32. Nxc8 Rxc8 33. Rg6 Kf7
34. Rf6+ Ke7 35. Rg1 Rg8 36. Rxh6 Rxg1 37. Rh7+ Kf8 38. Kxg1 1-0